000 00664cam a22002411 4500
001 2655483
005 20180215091606.0
008 700316s1966 enkcf b 000 0 eng
010 _a 70355517
015 _aB66-20885
040 _aDLC
_cDLC
_dDLC
041 _aeng
043 _ae-uk-en
080 _a942.1066 JOH
082 0 0 _a942.1066 JOH
100 _a44
101 _aART
245 0 0 _a1666 and other London fires:
350 _a1/-
504 _aBibliography: p. 16.
906 _a7
_bcbc
_corignew
_du
_encip
_f19
_gy-gencatlg
942 _2ddc
_cBK
999 _c42701
_d42701